<?xml version="1.0" encoding="UTF-8"?>
<record
    xmlns:xsi="http://www.w3.org/2001/XMLSchema-instance"
    xsi:schemaLocation="http://www.loc.gov/MARC21/slim http://www.loc.gov/standards/marcxml/schema/MARC21slim.xsd"
    xmlns="http://www.loc.gov/MARC21/slim">

  <leader>01300nam a2200289 i 4500</leader>
  <controlfield tag="001">197068</controlfield>
  <controlfield tag="003">ES-MaACL</controlfield>
  <controlfield tag="005">20250331181152.0</controlfield>
  <controlfield tag="007">t</controlfield>
  <controlfield tag="008">250328s1949    fr            000 0 fre d</controlfield>
  <datafield tag="035" ind1=" " ind2=" ">
    <subfield code="a">Rebiun35858610</subfield>
  </datafield>
  <datafield tag="040" ind1=" " ind2=" ">
    <subfield code="a">BUSC </subfield>
    <subfield code="b">glg </subfield>
    <subfield code="d">ARCHIDOC</subfield>
    <subfield code="c">ES-MaACL</subfield>
  </datafield>
  <datafield tag="245" ind1="0" ind2="0">
    <subfield code="a">Nouveau pr&#xE9;cis de pathologie chirurgicale. </subfield>
    <subfield code="n">Tome I,</subfield>
    <subfield code="b">Pathologie g&#xE9;n&#xE9;rale, pathologie tissulaire g&#xE9;n&#xE9;rale, affections des membres et des ceintures / </subfield>
    <subfield code="c">J. Patel, secr&#xE9;taire de r&#xE9;daction</subfield>
  </datafield>
  <datafield tag="246" ind1=" " ind2=" ">
    <subfield code="a">Pathologie g&#xE9;n&#xE9;rale, pathologie tissulaire g&#xE9;n&#xE9;rale, affections des membres et des ceintures</subfield>
  </datafield>
  <datafield tag="260" ind1=" " ind2=" ">
    <subfield code="a">Paris : </subfield>
    <subfield code="b">Masson, </subfield>
    <subfield code="c">1949.</subfield>
  </datafield>
  <datafield tag="300" ind1=" " ind2=" ">
    <subfield code="a">687 p. ;</subfield>
    <subfield code="c">22 cm</subfield>
  </datafield>
  <datafield tag="336" ind1=" " ind2=" ">
    <subfield code="a">Texto </subfield>
    <subfield code="b">txt </subfield>
    <subfield code="2">rdacontent</subfield>
  </datafield>
  <datafield tag="337" ind1=" " ind2=" ">
    <subfield code="a">sen mediaci&#xF3;n </subfield>
    <subfield code="b">n </subfield>
    <subfield code="2">rdamedia</subfield>
  </datafield>
  <datafield tag="338" ind1=" " ind2=" ">
    <subfield code="a">volume </subfield>
    <subfield code="b">nc </subfield>
    <subfield code="2">rdacarrier</subfield>
  </datafield>
  <datafield tag="650" ind1="1" ind2="7">
    <subfield code="a">Patolog&#xED;a quir&#xFA;rgica</subfield>
    <subfield code="9">136666</subfield>
  </datafield>
  <datafield tag="700" ind1=" " ind2=" ">
    <subfield code="a">Patel, Jean-Claude</subfield>
    <subfield code="9">239916</subfield>
  </datafield>
  <datafield tag="852" ind1=" " ind2=" ">
    <subfield code="a">ES-MaACL</subfield>
    <subfield code="b">R.30159</subfield>
    <subfield code="b">R.M.5895</subfield>
    <subfield code="c">SVI</subfield>
    <subfield code="j">D-6300</subfield>
    <subfield code="f">Sello en tinta azul de la Biblioteca del Ateneo de Madrid.</subfield>
    <subfield code="9">204911</subfield>
    <subfield code="x">Encuadernaci&#xF3;n en tela verde.</subfield>
  </datafield>
  <datafield tag="942" ind1=" " ind2=" ">
    <subfield code="n">0</subfield>
    <subfield code="c">MONOGRAFIA</subfield>
  </datafield>
  <datafield tag="999" ind1=" " ind2=" ">
    <subfield code="c">197068</subfield>
    <subfield code="d">197068</subfield>
  </datafield>
  <datafield tag="952" ind1=" " ind2=" ">
    <subfield code="0">0</subfield>
    <subfield code="1">0</subfield>
    <subfield code="2">udc</subfield>
    <subfield code="4">0</subfield>
    <subfield code="7">0</subfield>
    <subfield code="a">ATENEOM</subfield>
    <subfield code="b">ATENEOM</subfield>
    <subfield code="c">SVI</subfield>
    <subfield code="d">2025-03-28</subfield>
    <subfield code="l">0</subfield>
    <subfield code="o">D-6300</subfield>
    <subfield code="p">101229760</subfield>
    <subfield code="r">2025-03-28 00:00:00</subfield>
    <subfield code="w">2025-03-28</subfield>
    <subfield code="y">MONOGRAFIA</subfield>
  </datafield>
</record>
